[Event "XXVII Memorial Edoardo Crespi A"]
[Site "Milano ITA"]
[Date "2006.12.08"]
[Round "2"]
[White "Salmoiraghi, Angelo"]
[Black "Colica, Daniele"]
[Result "1/2-1/2"]
[WhiteElo "2035"]
[BlackElo "1907"]
[PlyCount "112"]
[EventDate "2006.12.07"]

1. Nf3 Nf6 2. g3 g6 3. Bg2 Bg7 4. O-O O-O 5. c4 d6 6. d4 c6 7. Nc3 Qc7 8. e4
Bg4 9. h3 Bxf3 10. Qxf3 Nbd7 11. Be3 e5 12. dxe5 dxe5 13. Qe2 Ne8 14. f4 f5 15.
exf5 gxf5 16. fxe5 Bxe5 17. Bf4 Ng7 18. Bxe5 Nxe5 19. b3 Rae8 20. Qc2 Ng6 21.
Ne2 Re3 22. Rf3 Rfe8 23. Rxe3 Rxe3 24. Rf1 Qe5 25. Rf2 Nh5 26. Rxf5 Rxe2 27.
Rxe5 Rxc2 28. Rxh5 Rxa2 29. b4 Rb2 30. b5 cxb5 31. cxb5 b6 32. Rd5 Re2 33. Kf1
Re5 34. Kf2 Rxd5 35. Bxd5+ Kg7 36. Ke3 Kf6 37. Be4 Nf8 38. Kd4 Ne6+ 39. Kd5 Ng5
40. Bg2 Ke7 41. Kc6 Kd8 42. Kb7 Nf7 43. Kxa7 Kc7 44. Be4 h6 45. g4 Ng5 46. Bg2
Nf7 47. h4 Nd6 48. Ka6 Nf7 49. Be4 Nd6 50. Bg6 Nc8 51. g5 Ne7 52. Bf7 hxg5 53.
hxg5 Nf5 54. Bg6 Ng7 55. Ka7 Ne6 56. Bd3 Nxg5 1/2-1/2

[Event "XXVII Memorial Edoardo Crespi A"]
[Site "Milano ITA"]
[Date "2006.12.08"]
[Round "2"]
[White "Vignoli, Matteo"]
[Black "Gabetto, Flaviano"]
[Result "0-1"]
[WhiteElo "1975"]
[BlackElo "2121"]
[PlyCount "106"]
[EventDate "2006.12.07"]

1. e4 e6 2. d4 d5 3. Nc3 Nf6 4. e5 Nfd7 5. f4 c5 6. Nf3 Nc6 7. Be3 a6 8. Qd2 b5
9. dxc5 Bxc5 10. Nd4 Qb6 11. O-O-O Bb7 12. Be2 Rc8 13. Rhe1 Nxd4 14. Bxd4 Bc6
15. Bh5 g6 16. Bf3 b4 17. Ne2 a5 18. g4 a4 19. Kb1 b3 20. cxb3 axb3 21. a3 Bb5
22. Bxc5 Nxc5 23. Nd4 Bc4 24. f5 Nd3 25. Qe3 Nxe1 26. Rxe1 Rb8 27. Rd1 h6 28.
h4 Ke7 29. Qf4 Rbf8 30. Qe3 Kd7 31. Qc1 Rc8 32. Qf4 Qd8 33. Qe3 Rb8 34. Qf2 g5
35. h5 Qe7 36. Bg2 Rhf8 37. Ne2 Rfc8 38. fxe6+ fxe6 39. Nc3 Ke8 40. Ne4 dxe4
41. Bxe4 Bd5 42. Bg6+ Kd7 43. Rf1 Rc4 44. Qd2 Qc5 45. Bd3 Rc2 46. Bxc2 bxc2+
47. Qxc2 Qxa3 48. Rf2 Qb4 49. Rd2 Rc8 50. Qd1 Ke7 51. Rxd5 exd5 52. Qxd5 Qc5
53. Qf3 Qxe5 0-1

[Event "XXVII Memorial Edoardo Crespi A"]
[Site "Milano ITA"]
[Date "2006.12.08"]
[Round "2"]
[White "Villalba, Fernando"]
[Black "Nessi, Silvio"]
[Result "1-0"]
[WhiteElo "1911"]
[BlackElo "2012"]
[PlyCount "47"]
[EventDate "2006.12.07"]

1. e4 e5 2. Nf3 Nc6 3. d4 exd4 4. Nxd4 Bc5 5. Nb3 Bb6 6. Bd3 d6 7. O-O Be6 8.
Nc3 Nf6 9. Na4 Nd7 10. Nxb6 axb6 11. f4 f6 12. Bd2 Qe7 13. a4 O-O 14. Bc3 Ra7
15. Nd4 Nxd4 16. Bxd4 Bf7 17. Qg4 Raa8 18. Qh4 Bg6 19. f5 Bf7 20. Rf3 Ne5 21.
Rh3 h6 22. Be3 Bc4 23. Bxh6 Rf7 24. Bf4 1-0

[Event "XXVII Memorial Edoardo Crespi A"]
[Site "Milano ITA"]
[Date "2006.12.08"]
[Round "2"]
[White "Vincenzi, Marco"]
[Black "Sgnaolin, Davide"]
[Result "0-1"]
[WhiteElo "2065"]
[BlackElo "2144"]
[PlyCount "62"]
[EventDate "2006.12.07"]

1. d4 Nf6 2. c4 c5 3. d5 b5 4. cxb5 a6 5. Nc3 axb5 6. e4 b4 7. Nb5 d6 8. Bf4 g5
9. e5 gxf4 10. exf6 Nd7 11. fxe7 Qxe7+ 12. Be2 Ne5 13. Kf1 Bg7 14. Qd2 O-O 15.
Qxf4 Bd7 16. a4 bxa3 17. Nxa3 Rfb8 18. Qc1 c4 19. Nxc4 Rxa1 20. Qxa1 Nxc4 21.
Bxc4 Qe4 22. Be2 Rxb2 23. Qa8+ Bf8 24. f3 Qe3 25. Qa1 Rc2 26. Qe1 Rc1 27. Bd1
Qd3+ 28. Kf2 Rxd1 29. Qe4 Rf1+ 30. Kg3 Qxe4 31. fxe4 Bg7 0-1

[Event "XXVII Memorial Edoardo Crespi A"]
[Site "Milano ITA"]
[Date "2006.12.08"]
[Round "2"]
[White "Virzi, Ettore"]
[Black "Astengo, Marcello"]
[Result "1/2-1/2"]
[WhiteElo "1967"]
[BlackElo "2110"]
[PlyCount "50"]
[EventDate "2006.12.07"]

1. e4 c6 2. c4 Nf6 3. Nc3 e5 4. Nf3 Qa5 5. Qc2 Bc5 6. Be2 O-O 7. O-O Re8 8. a3
d6 9. b4 Bxb4 10. axb4 Qxa1 11. Na2 Nxe4 12. Ba3 Qxf1+ 13. Kxf1 Nf6 14. Bb2
Nbd7 15. Nc3 b6 16. Ng5 Nf8 17. Nge4 Nxe4 18. Nxe4 Rd8 19. Qc3 Ne6 20. Nxd6
Rxd6 21. Qxe5 Rxd2 22. Bg4 Rxb2 23. Qxb2 a5 24. bxa5 bxa5 25. Qb6 Bd7 1/2-1/2

[Event "XXVII Memorial Edoardo Crespi A"]
[Site "Milano ITA"]
[Date "2006.12.08"]
[Round "3"]
[White "Aranovitch, Emiliano"]
[Black "Stefanetti, Marco"]
[Result "1-0"]
[WhiteElo "2278"]
[BlackElo "2108"]
[PlyCount "69"]
[EventDate "2006.12.07"]

1. e4 c6 2. c4 d5 3. cxd5 cxd5 4. exd5 Nf6 5. Qa4+ Nbd7 6. Nc3 g6 7. Nf3 Bg7 8.
Bc4 O-O 9. d3 a6 10. Qa3 Nb6 11. Qb3 Bg4 12. Ne5 Qd6 13. Be3 Nbd7 14. Nxd7 Qxd7
15. a4 b5 16. axb5 axb5 17. Rxa8 Rxa8 18. Bxb5 Qb7 19. O-O Rb8 20. Bf4 Rd8 21.
Bc4 Qc7 22. f3 Bf5 23. Re1 Nh5 24. Be3 Qd7 25. d4 Nf6 26. Bf4 Nh5 27. Be5 Bh6
28. Bb5 Qc8 29. Qc4 Qxc4 30. Bxc4 Nf6 31. d6 Bf8 32. g4 Bc8 33. Bg3 exd6 34.
Bh4 Bg7 35. Nd5 1-0

[Event "XXVII Memorial Edoardo Crespi A"]
[Site "Milano ITA"]
[Date "2006.12.08"]
[Round "3"]
[White "Astengo, Marcello"]
[Black "Romano', Fabio"]
[Result "1-0"]
[WhiteElo "2110"]
[BlackElo "1922"]
[PlyCount "53"]
[EventDate "2006.12.07"]

1. d4 Nf6 2. c4 g6 3. Nc3 d5 4. Nf3 Bg7 5. Bf4 c6 6. e3 O-O 7. Bd3 Nbd7 8. cxd5
Nxd5 9. Nxd5 cxd5 10. O-O Nf6 11. Rc1 Bg4 12. Qb3 Bxf3 13. gxf3 Nh5 14. Bc7 Qd7
15. Rc2 b6 16. Rfc1 Bf6 17. Kg2 e6 18. Ba6 Qe7 19. Qa4 Bh4 20. Bb7 Qg5+ 21. Bg3
Bxg3 22. hxg3 Rad8 23. Qxa7 Rd6 24. Rc8 Qe7 25. R1c7 Qf6 26. Rxf8+ Kxf8 27. Qa3
1-0

[Event "XXVII Memorial Edoardo Crespi A"]
[Site "Milano ITA"]
[Date "2006.12.08"]
[Round "3"]
[White "Barlocco, Carlo"]
[Black "Piantoni, Pierino"]
[Result "1-0"]
[WhiteElo "2198"]
[BlackElo "1973"]
[PlyCount "89"]
[EventDate "2006.12.07"]

1. g3 e5 2. Bg2 d5 3. d3 Nc6 4. Nf3 Nf6 5. c4 dxc4 6. Qa4 Bd6 7. Qxc4 O-O 8.
Nc3 a6 9. O-O Be6 10. Qa4 h6 11. a3 Qd7 12. b4 Rae8 13. Bb2 Bh3 14. Nd2 Bxg2
15. Kxg2 Qc8 16. Rac1 Nd4 17. Nce4 Qa8 18. Nxf6+ gxf6 19. e4 Ne6 20. Qd1 Kh7
21. Nc4 Rg8 22. Rc2 Rd8 23. Ne3 c5 24. Nd5 Rg6 25. h4 Nf4+ 26. Nxf4 exf4 27. h5
Rgg8 28. Bxf6 Rde8 29. bxc5 Bc7 30. d4 Re6 31. e5 Rxf6 32. exf6 Qc8 33. d5 Qf5
34. Rc4 Qg5 35. d6 fxg3 36. Qd3+ Kh8 37. f4 Qh4 38. Rh1 Qxf6 39. dxc7 Qc6+ 40.
Qe4 Qd7 41. Rd4 Qb5 42. Qe5+ Kh7 43. Qf5+ Kg7 44. Qg4+ Kh7 45. Qxg8+ 1-0

[Event "XXVII Memorial Edoardo Crespi A"]
[Site "Milano ITA"]
[Date "2006.12.08"]
[Round "3"]
[White "Bernago, Federico"]
[Black "Farachi, Francesco"]
[Result "1-0"]
[WhiteElo "1990"]
[BlackElo "2101"]
[PlyCount "85"]
[EventDate "2006.12.07"]

1. e4 c5 2. Nf3 Nc6 3. d3 d6 4. c3 Nf6 5. Nbd2 e6 6. g3 Be7 7. Bg2 O-O 8. O-O
Bd7 9. Re1 Qc7 10. Nf1 Rac8 11. h3 Rfd8 12. Qe2 a6 13. Nh4 b5 14. f4 b4 15. Be3
bxc3 16. bxc3 Rb8 17. Rab1 Qa5 18. Qc2 Rdc8 19. Nd2 d5 20. Rxb8 Rxb8 21. Rb1
Rxb1+ 22. Nxb1 d4 23. Bd2 Qc7 24. Nf3 dxc3 25. Bxc3 Nh5 26. Kh2 g5 27. e5 gxf4
28. g4 Ng7 29. Qd2 Nb4 30. Bxb4 cxb4 31. Qxf4 Qc2 32. Nbd2 Qxd3 33. Ne4 Bc6 34.
Nf6+ Kh8 35. Ng5 Be8 36. Nxe8 Nxe8 37. Qxf7 Qg6 38. Qxe7 Kg8 39. Nxe6 Qf7 40.
Qg5+ Kh8 41. Nf4 Qxa2 42. Qe7 Qg8 43. Bd5 1-0

[Event "XXVII Memorial Edoardo Crespi A"]
[Site "Milano ITA"]
[Date "2006.12.08"]
[Round "3"]
[White "Brugo, Marco"]
[Black "Bisignano, Giuseppe"]
[Result "1-0"]
[WhiteElo "2091"]
[BlackElo "1921"]
[PlyCount "61"]
[EventDate "2006.12.07"]

1. d4 Nf6 2. c4 e6 3. Nc3 d5 4. cxd5 exd5 5. Bg5 Be7 6. e3 O-O 7. Bd3 c6 8. Qc2
Nbd7 9. Nge2 h6 10. Bh4 Re8 11. O-O Ne4 12. Bxe7 Qxe7 13. Rae1 Ndf6 14. f3 Nd6
15. Ng3 Nc4 16. Nd1 Be6 17. e4 Rac8 18. e5 Nd7 19. f4 Qh4 20. b3 c5 21. bxc4
cxd4 22. f5 dxc4 23. fxe6 fxe6 24. Bxc4 Nb6 25. Re4 Qg5 26. Bxe6+ Rxe6 27. Qb3
Nc4 28. Rxd4 Rb6 29. Rxc4 Re8 30. Rb4+ Rbe6 31. Rxb7 1-0

[Event "XXVII Memorial Edoardo Crespi A"]
[Site "Milano ITA"]
[Date "2006.12.08"]
[Round "3"]
[White "Cardani, Roberto"]
[Black "Cavatorta, Fosco"]
[Result "1-0"]
[WhiteElo "1903"]
[BlackElo "1976"]
[PlyCount "107"]
[EventDate "2006.12.07"]

1. e4 d6 2. d4 Nf6 3. Nc3 e5 4. Nf3 Nbd7 5. Bc4 Be7 6. O-O O-O 7. Re1 c6 8. a4
b6 9. h3 Bb7 10. dxe5 dxe5 11. Bg5 Qc7 12. Qe2 Rad8 13. Rad1 Bc8 14. Nh2 Nc5
15. Nf3 Ne6 16. Be3 Bc5 17. Bxe6 Bxe6 18. Bg5 Be7 19. Nh2 Rxd1 20. Rxd1 Rd8 21.
Nf1 Rxd1 22. Qxd1 h6 23. Bd2 Qd7 24. Ng3 Qd4 25. Be3 Qb4 26. Qc1 Kh7 27. Qa1
Bc5 28. Bxc5 Qxc5 29. b3 Qd4 30. Qe1 Qb4 31. Qe3 Qd4 32. Qf3 Qd2 33. Nf5 Qxc2
34. b4 Qc1+ 35. Kh2 Qf4+ 36. Qxf4 exf4 37. Ne7 Bd7 38. e5 Nd5 39. Nexd5 cxd5
40. Nxd5 Bxa4 41. Nxf4 g5 42. Nd5 Bb3 43. Nc3 Kg6 44. g4 a5 45. bxa5 bxa5 46.
Kg3 a4 47. Nb5 f5 48. exf6 Kxf6 49. f4 Bc4 50. Na3 Ke6 51. Nxc4 gxf4+ 52. Kxf4
Kf6 53. h4 Kg6 54. Ke5 1-0

[Event "XXVII Memorial Edoardo Crespi A"]
[Site "Milano ITA"]
[Date "2006.12.08"]
[Round "3"]
[White "Cazzaniga, Walter"]
[Black "Mastroddi, Emiliano"]
[Result "1-0"]
[WhiteElo "2159"]
[BlackElo "2074"]
[PlyCount "57"]
[EventDate "2006.12.07"]

1. d4 d5 2. c4 c6 3. Nf3 Nf6 4. Nc3 dxc4 5. a4 Bf5 6. e3 e6 7. Bxc4 Bb4 8. O-O
Nbd7 9. Qe2 O-O 10. e4 Bg6 11. Bd3 Rc8 12. Bf4 Qa5 13. Na2 Be7 14. h3 a6 15.
Nc3 Rfe8 16. Rfd1 Bb4 17. e5 Bxd3 18. Rxd3 Nd5 19. Bd2 Nxc3 20. bxc3 Bf8 21.
Ng5 h6 22. Ne4 c5 23. Bxh6 cxd4 24. cxd4 Nxe5 25. Qh5 Qd5 26. Qxe5 Qxe5 27.
dxe5 gxh6 28. Nf6+ Kg7 29. Rg3+ 1-0

[Event "XXVII Memorial Edoardo Crespi A"]
[Site "Milano ITA"]
[Date "2006.12.08"]
[Round "3"]
[White "D'Apa, Matteo"]
[Black "Crippa, Gabriele"]
[Result "1/2-1/2"]
[WhiteElo "2026"]
[BlackElo "2116"]
[PlyCount "61"]
[EventDate "2006.12.07"]

1. d4 c5 2. d5 e5 3. c4 d6 4. e4 Be7 5. Nc3 Bg5 6. Nf3 Bxc1 7. Rxc1 Nh6 8. Be2
O-O 9. O-O Qe7 10. a3 f5 11. b4 Nd7 12. Nd2 f4 13. Na4 b6 14. bxc5 Nxc5 15.
Nxc5 dxc5 16. a4 Nf7 17. a5 Nd6 18. axb6 axb6 19. Qb3 Rb8 20. Ra1 g5 21. Ra3 g4
22. f3 h5 23. Rfa1 Qh4 24. Bf1 Rf7 25. Ra7 Rxa7 26. Rxa7 Qe1 27. Ra2 g3 28.
hxg3 Qxg3 29. Bd3 h4 30. Nf1 Qg5 31. Qa4 1/2-1/2

[Event "XXVII Memorial Edoardo Crespi A"]
[Site "Milano ITA"]
[Date "2006.12.08"]
[Round "3"]
[White "Gabetto, Flaviano"]
[Black "Martinez, Rolly"]
[Result "0-1"]
[WhiteElo "2121"]
[BlackElo "2411"]
[PlyCount "78"]
[EventDate "2006.12.07"]

1. e4 c5 2. b4 cxb4 3. d4 e6 4. a3 d5 5. e5 bxa3 6. c3 Bd7 7. Nxa3 Ne7 8. Bd3
a6 9. Ne2 Nbc6 10. O-O Na5 11. f4 h5 12. f5 Nxf5 13. Bxf5 exf5 14. Nf4 Be6 15.
Qa4+ b5 16. Nxb5 axb5 17. Qxb5+ Bd7 18. Qxd5 Bc6 19. Qxd8+ Kxd8 20. d5 Nc4 21.
Rb1 Be8 22. Nd3 f6 23. e6 g5 24. h4 f4 25. hxg5 fxg5 26. Nxf4 gxf4 27. Bxf4 Bd6
28. Rb7 Kc8 29. Rg7 Rf8 30. g3 Ra5 31. Rb1 Rxd5 32. Rbb7 Rxf4 33. gxf4 Bxf4 34.
Rb4 Be3+ 35. Kh2 Nd6 36. Rg8 Kc7 37. Rg7+ Kc6 38. Rb8 Re5 39. Re7 Bb6 0-1

[Event "XXVII Memorial Edoardo Crespi A"]
[Site "Milano ITA"]
[Date "2006.12.08"]
[Round "3"]
[White "Galli, Fabio"]
[Black "Villalba, Fernando"]
[Result "1-0"]
[WhiteElo "2066"]
[BlackElo "1911"]
[PlyCount "99"]
[EventDate "2006.12.07"]

1. e4 d6 2. f4 g6 3. Nf3 Bg7 4. d4 Nf6 5. Bd3 c6 6. O-O O-O 7. c3 Nbd7 8. Qc2
e5 9. fxe5 dxe5 10. Bg5 Qc7 11. Nbd2 Nh5 12. Nb3 Nf4 13. Bxf4 exf4 14. e5 c5
15. Nbd2 cxd4 16. cxd4 Qb6 17. Nc4 Qc7 18. Qd2 Nb6 19. Nd6 Nd5 20. Rac1 Qb6 21.
Rc5 Ne3 22. Rfc1 Be6 23. Rb5 Qd8 24. Be4 Rb8 25. Nxb7 Qe7 26. b3 Bc8 27. Nd6
Rxb5 28. Nxb5 Qd8 29. Nxa7 Be6 30. Nc6 Qb6 31. Qb4 Qa6 32. Ne7+ Kh8 33. Qd2 Re8
34. Nc6 Qa3 35. Nb4 Bf8 36. Nd3 Rd8 37. Nxf4 Nf5 38. Nxe6 fxe6 39. Bxf5 gxf5
40. Rc7 Bg7 41. Rxg7 Kxg7 42. Qg5+ Kf8 43. Qxd8+ Kf7 44. Qf6+ Kg8 45. Qxe6+ Kg7
46. Qf6+ Kg8 47. e6 Qc1+ 48. Kf2 f4 49. Qf7+ Kh8 50. Qf8# 1-0

[Event "XXVII Memorial Edoardo Crespi A"]
[Site "Milano ITA"]
[Date "2006.12.08"]
[Round "3"]
[White "Giancotti, Eraldo"]
[Black "Locatelli, Andrea"]
[Result "1/2-1/2"]
[WhiteElo "2058"]
[BlackElo "2138"]
[PlyCount "103"]
[EventDate "2006.12.07"]

1. c4 Nf6 2. Nc3 g6 3. g3 Bg7 4. Bg2 O-O 5. Nf3 d6 6. d4 Nc6 7. O-O a6 8. h3
Rb8 9. d5 Na5 10. Nd2 c5 11. Rb1 Nd7 12. Qc2 b5 13. cxb5 axb5 14. b4 cxb4 15.
Rxb4 Qc7 16. Bb2 Qc5 17. a3 Ba6 18. Rc1 Rfc8 19. Nb3 Nxb3 20. Qxb3 Qb6 21. e3
Ne5 22. Nxb5 Rxc1+ 23. Bxc1 Qc5 24. Nc3 Rxb4 25. axb4 Qxc3 26. Qxc3 Nf3+ 27.
Bxf3 Bxc3 28. Ba3 Kf8 29. Bd1 Bb5 30. Kg2 Ke8 31. Kf3 Bc4 32. Ba4+ Kd8 33. Bc6
Kc7 34. g4 g5 35. Kg3 e5 36. h4 h6 37. hxg5 hxg5 38. b5 Ba5 39. Bb2 Be2 40. f4
gxf4+ 41. exf4 Be1+ 42. Kg2 exf4 43. Bd4 Bxg4 44. b6+ Kb8 45. Kf1 Bh4 46. Bg1
f3 47. Bf2 Bh3+ 48. Ke1 Bxf2+ 49. Kxf2 Bg2 50. Ke3 f5 51. Kf2 f4 52. Kg1
1/2-1/2

[Event "XXVII Memorial Edoardo Crespi A"]
[Site "Milano ITA"]
[Date "2006.12.08"]
[Round "3"]
[White "Isella, Lorenzo"]
[Black "Giannetta, Paolo"]
[Result "0-1"]
[WhiteElo "1931"]
[BlackElo "1980"]
[PlyCount "64"]
[EventDate "2006.12.07"]

1. d4 d6 2. e4 Nf6 3. f3 c6 4. Be3 Nbd7 5. c4 e5 6. Ne2 Be7 7. Nbc3 O-O 8. Qd2
Re8 9. d5 Nb6 10. Ng3 Bd7 11. Be2 cxd5 12. cxd5 Rc8 13. b3 h5 14. Bd3 h4 15.
Nge2 Nh7 16. O-O Bg5 17. Bb5 a6 18. Bxd7 Nxd7 19. Na4 b5 20. Nb2 Qb6 21. f4 Rc2
22. Qd3 Qc7 23. Rac1 Bxf4 24. Bxf4 Rxc1 25. Bxc1 Nc5 26. Qc2 Qa5 27. a4 Nf6 28.
Rxf6 gxf6 29. Bd2 Qb6 30. Be3 bxa4 31. bxa4 Qb4 32. Bxc5 Qe1# 0-1

[Event "XXVII Memorial Edoardo Crespi A"]
[Site "Milano ITA"]
[Date "2006.12.08"]
[Round "3"]
[White "Johansson, Alexander"]
[Black "Barberi, Alessandro"]
[Result "1-0"]
[WhiteElo "2021"]
[BlackElo "2147"]
[PlyCount "81"]
[EventDate "2006.12.07"]

1. d4 g6 2. Nf3 Bg7 3. g3 d6 4. Bg2 Nd7 5. O-O h6 6. c4 e5 7. dxe5 Nxe5 8. Nc3
Ne7 9. Nxe5 Bxe5 10. e4 Bg7 11. Be3 O-O 12. Qd2 Kh7 13. Rac1 f5 14. Bd4 Bxd4
15. Qxd4 Nc6 16. Qd2 fxe4 17. Nxe4 Be6 18. Qc3 Qe7 19. f4 Qg7 20. Rfe1 Rae8 21.
b3 Bf5 22. h3 Re7 23. Kh2 Bxe4 24. Bxe4 Qxc3 25. Rxc3 Rfe8 26. Rce3 Kg7 27. Kg2
Nd4 28. Kf2 b6 29. Bxg6 Rxe3 30. Bxe8 Rf3+ 31. Kg2 Rc3 32. g4 Rc2+ 33. Kg3 Rxa2
34. g5 Nxb3 35. Re7+ Kg8 36. gxh6 Ra1 37. Kh4 Rg1 38. Kh5 Rf1 39. Bg6 Rxf4 40.
Re8+ Rf8 41. h7+ 1-0

[Event "XXVII Memorial Edoardo Crespi A"]
[Site "Milano ITA"]
[Date "2006.12.08"]
[Round "3"]
[White "Magrini, Fabrizio"]
[Black "Amato, Andrea"]
[Result "1-0"]
[WhiteElo "2141"]
[BlackElo "2263"]
[PlyCount "69"]
[EventDate "2006.12.07"]

1. e4 e6 2. d4 d5 3. exd5 exd5 4. Bd3 Nc6 5. c3 Bd6 6. Ne2 Qh4 7. Ng3 Bg4 8.
Qd2 O-O-O 9. O-O h6 10. Na3 Nge7 11. Nb5 Kb8 12. Nxd6 Rxd6 13. b4 Rf6 14. a4
Ng6 15. Re1 Nf4 16. Bf1 Qg5 17. a5 h5 18. h4 Qxh4 19. b5 Nd8 20. Re5 Bc8 21. b6
cxb6 22. axb6 a6 23. Qe3 Nc6 24. Re7 Ng6 25. Rc7 Re6 26. Qf3 Qf6 27. Qxd5 Rd8
28. Qc5 Red6 29. Bg5 Qe6 30. Bxd8 Rxd8 31. Bc4 Qg4 32. Qxh5 Nce7 33. Qc5 Rh8
34. Rxe7 Nxe7 35. Qc7+ 1-0

[Event "XXVII Memorial Edoardo Crespi A"]
[Site "Milano ITA"]
[Date "2006.12.08"]
[Round "3"]
[White "Marinone, Lucio"]
[Black "Bozzali, Ermanno"]
[Result "1-0"]
[WhiteElo "1980"]
[BlackElo "2099"]
[PlyCount "57"]
[EventDate "2006.12.07"]

1. d4 Nf6 2. c4 e6 3. Nc3 Bb4 4. e3 b6 5. Nf3 Bb7 6. Bd3 Ne4 7. Qc2 f5 8. a3
Bxc3+ 9. bxc3 c5 10. Bb2 O-O 11. O-O-O Nc6 12. d5 exd5 13. cxd5 Na5 14. c4 Qe7
15. g4 Nxf2 16. Qxf2 fxg4 17. Qh4 Qxh4 18. Nxh4 Ba6 19. Bc3 Nxc4 20. Rdf1 b5
21. Bxc4 bxc4 22. Nf5 Rf7 23. Nd6 Rf3 24. Rxf3 gxf3 25. Nf5 Rf8 26. e4 Rb8 27.
Rf1 Rb3 28. Rxf3 Rxa3 29. Ne7+ 1-0

[Event "XXVII Memorial Edoardo Crespi A"]
[Site "Milano ITA"]
[Date "2006.12.08"]
[Round "3"]
[White "Orsi, Matteo"]
[Black "Nessi, Silvio"]
[Result "0-1"]
[WhiteElo "1945"]
[BlackElo "2012"]
[PlyCount "68"]
[EventDate "2006.12.07"]

1. Nf3 d5 2. d4 Nf6 3. c4 e6 4. g3 dxc4 5. a4 Nbd7 6. Bg2 c6 7. O-O Bd6 8. Qc2
O-O 9. e4 e5 10. Re1 Re8 11. Nc3 exd4 12. Nxd4 Ne5 13. Nf5 Bxf5 14. exf5 Bc5
15. Bg5 Qd3 16. Qe2 Qxf5 17. Bxf6 Qxf6 18. Ne4 Qe7 19. Qh5 h6 20. Nxc5 Qxc5 21.
Re4 Nd3 22. Qxc5 Nxc5 23. Rxc4 Nd3 24. Rd4 Ne5 25. Rad1 Kf8 26. f4 Ng4 27. Bf3
Nf6 28. Kf2 Rab8 29. Rb4 c5 30. Rc4 b6 31. b4 cxb4 32. Rxb4 Rbc8 33. Rd2 Red8
34. Ke3 Rc3+ 0-1

[Event "XXVII Memorial Edoardo Crespi A"]
[Site "Milano ITA"]
[Date "2006.12.08"]
[Round "3"]
[White "Oteri, Aldo"]
[Black "Frigieri, Fabrizio"]
[Result "1-0"]
[WhiteElo "1954"]
[BlackElo "2088"]
[PlyCount "97"]
[EventDate "2006.12.07"]

1. e4 c5 2. Nf3 Nc6 3. d4 cxd4 4. Nxd4 Nf6 5. Nc3 d6 6. Bg5 e6 7. Qd2 a6 8.
O-O-O h6 9. Nxc6 bxc6 10. Bxf6 Qxf6 11. f4 d5 12. Be2 Bb4 13. Bf3 O-O 14. exd5
cxd5 15. Qd4 Bxc3 16. Qxc3 Qxf4+ 17. Kb1 Bd7 18. Rd4 Qf6 19. Qd2 Rab8 20. b3
Rfc8 21. Be2 Bb5 22. Rf1 Qe5 23. Bxb5 Rxb5 24. g4 Rbc5 25. Rc1 Rc3 26. h4 Qe3
27. Qxe3 Rxe3 28. c4 dxc4 29. bxc4 e5 30. Rd5 Re4 31. c5 Rc6 32. Rg1 Rb4+ 33.
Ka1 f6 34. g5 hxg5 35. hxg5 Rd4 36. Rxd4 exd4 37. gxf6 Rxf6 38. Kb2 Rf3 39. c6
Rf2+ 40. Kb3 Rf3+ 41. Kc4 Rc3+ 42. Kd5 d3 43. Kd6 d2 44. c7 Rc1 45. Rd1 Rxd1
46. c8=Q+ Kf7 47. Qf5+ Kg8 48. Qd5+ Kf8 49. Qf3+ 1-0

[Event "XXVII Memorial Edoardo Crespi A"]
[Site "Milano ITA"]
[Date "2006.12.08"]
[Round "3"]
[White "Perrotta, Leopoldo"]
[Black "Didoni, Renato"]
[Result "1-0"]
[WhiteElo "1885"]
[BlackElo "2076"]
[PlyCount "101"]
[EventDate "2006.12.07"]

1. d4 Nf6 2. Bg5 d5 3. e3 Nbd7 4. Nf3 e6 5. Bd3 Be7 6. Nbd2 b6 7. h4 h6 8. Bxf6
Bxf6 9. Qe2 Bb7 10. c3 c5 11. g4 c4 12. Bc2 b5 13. e4 Nb6 14. e5 Be7 15. a3 a5
16. Kf1 b4 17. Kg2 Bc6 18. Nf1 Rb8 19. Ng3 Ba4 20. Bxa4+ Nxa4 21. axb4 Nxb2 22.
Qxb2 axb4 23. cxb4 Rxb4 24. Qa2 O-O 25. g5 hxg5 26. hxg5 g6 27. Qd2 Kg7 28. Rh2
Rh8 29. Rxh8 Kxh8 30. Qf4 Kg8 31. Rh1 Bf8 32. Qf6 Qxf6 33. gxf6 c3 34. Rc1 Rc4
35. Rc2 Kh7 36. Kf1 Kh6 37. Ke2 g5 38. Kd3 Bb4 39. Ne2 Kg6 40. Nxc3 Ba5 41. Ne2
Ra4 42. Nd2 Ra3+ 43. Nc3 Kf5 44. Ndb1 Rb3 45. Ra2 Bb6 46. Nd2 Rb4 47. Ra4 Rb2
48. Nd1 Rb5 49. Ne3+ Kf4 50. Nc2 Ba5 51. Na3 1-0

[Event "XXVII Memorial Edoardo Crespi A"]
[Site "Milano ITA"]
[Date "2006.12.08"]
[Round "3"]
[White "Raineri, Valerio"]
[Black "Bosi, Clint"]
[Result "1-0"]
[WhiteElo "2129"]
[BlackElo "2048"]
[PlyCount "61"]
[EventDate "2006.12.07"]

1. e4 c5 2. Nf3 Nc6 3. d4 cxd4 4. Nxd4 e5 5. Nb3 Be7 6. Nc3 d6 7. Be3 f5 8. f3
Bh4+ 9. g3 f4 10. Bf2 fxg3 11. hxg3 Be7 12. Qd2 Be6 13. O-O-O Nf6 14. Nd5 O-O
15. Be3 Ne8 16. Be2 a5 17. Kb1 a4 18. Nc1 a3 19. b3 Bf6 20. f4 exf4 21. gxf4
Ra5 22. Bb6 Rxd5 23. exd5 Qxb6 24. dxe6 Nc7 25. c3 Ne7 26. Qxd6 Qxd6 27. Rxd6
Bxc3 28. Rd7 Bf6 29. Rxc7 Nd5 30. Rxb7 Rc8 31. Bc4 1-0

[Event "XXVII Memorial Edoardo Crespi A"]
[Site "Milano ITA"]
[Date "2006.12.08"]
[Round "3"]
[White "Ramondino, Renzo"]
[Black "Bonazzi, Edoardo"]
[Result "1/2-1/2"]
[WhiteElo "2294"]
[BlackElo "2142"]
[PlyCount "78"]
[EventDate "2006.12.07"]

1. Nf3 Nf6 2. c4 c5 3. Nc3 Nc6 4. g3 g6 5. d4 cxd4 6. Nxd4 Bg7 7. Bg2 O-O 8.
O-O Nxd4 9. Qxd4 d6 10. Qd3 Be6 11. Bxb7 Rb8 12. Bg2 Qa5 13. b3 Rxb3 14. axb3
Qxa1 15. Be3 Qa5 16. Bd4 Nd7 17. Bxg7 Kxg7 18. Qe3 Nc5 19. Nd5 Bxd5 20. cxd5
Qc7 21. b4 Na6 22. Ra1 Qb7 23. Qc3+ Kg8 24. Qc6 Qxc6 25. dxc6 Nxb4 26. Rxa7 Rc8
27. c7 d5 28. e4 Kf8 29. exd5 Ke8 30. Bh3 f5 31. g4 Nxd5 32. gxf5 Rxc7 33. Rxc7
Nxc7 34. fxg6 hxg6 35. Kg2 Kf7 36. Kg3 Kf6 37. Kf4 Ne8 38. Bf1 Nd6 39. Bd3 e5+
1/2-1/2

[Event "XXVII Memorial Edoardo Crespi A"]
[Site "Milano ITA"]
[Date "2006.12.08"]
[Round "3"]
[White "Ranfagni, Stefano"]
[Black "Facchetti, Gianni"]
[Result "0-1"]
[WhiteElo "2037"]
[BlackElo "2121"]
[PlyCount "88"]
[EventDate "2006.12.07"]

1. e4 e5 2. Nf3 Nc6 3. d4 exd4 4. Nxd4 Bb4+ 5. c3 Be7 6. Bd3 Nf6 7. O-O O-O 8.
Nf5 d6 9. Nxe7+ Qxe7 10. Bg5 h6 11. Bh4 Ne5 12. Bc2 Ng6 13. Bxf6 Qxf6 14. Nd2
Nf4 15. Qf3 Qg5 16. Nc4 Bg4 17. h4 Bxf3 18. hxg5 Be2 19. Bb3 Bxf1 20. Kxf1 hxg5
21. g3 Ne6 22. Nd2 Nc5 23. Bc2 a5 24. b4 axb4 25. cxb4 Ne6 26. Nf3 Rfe8 27. Kg2
Kf8 28. Bb3 g4 29. Nh2 Nd4 30. Bd1 Rxe4 31. Nxg4 c6 32. f3 Re7 33. Nf2 Ra3 34.
Ne4 d5 35. Nc5 Nc2 36. Bxc2 Re2+ 37. Kh3 Rxc2 38. Re1 Rcxa2 39. Nd7+ Kg8 40.
Re8+ Kh7 41. Nf8+ Kh6 42. f4 Ra8 43. Re5 Rxf8 44. Kg4 f5+ 0-1

[Event "XXVII Memorial Edoardo Crespi A"]
[Site "Milano ITA"]
[Date "2006.12.08"]
[Round "3"]
[White "Rossi, Giampiero"]
[Black "Salmoiraghi, Angelo"]
[Result "1-0"]
[WhiteElo "1976"]
[BlackElo "2035"]
[PlyCount "81"]
[EventDate "2006.12.07"]

1. d4 g6 2. c4 Bg7 3. g3 Nf6 4. Bg2 d6 5. Nc3 O-O 6. Nf3 Nc6 7. O-O Bf5 8. Ne1
Qc8 9. e4 Bh3 10. f3 Nh5 11. Be3 Bxg2 12. Kxg2 f5 13. exf5 Qxf5 14. Qd2 e5 15.
d5 Ne7 16. Nd3 Qd7 17. g4 Nf6 18. h3 c6 19. Nf2 cxd5 20. cxd5 b5 21. Nfe4 Kh8
22. Nxf6 Bxf6 23. Ne4 Ng8 24. Rac1 Rac8 25. Rxc8 Rxc8 26. Rc1 Be7 27. Rxc8 Qxc8
28. Qc3 Qxc3 29. bxc3 a6 30. Bb6 Nf6 31. Nxf6 Bxf6 32. Bc7 Be7 33. Kf2 Kg7 34.
Ke3 Kf6 35. h4 h5 36. Ke4 Kf7 37. gxh5 gxh5 38. Kf5 Ke8 39. Ke6 Bxh4 40. Bxd6
Bg3 41. Bc7 1-0